Nom des dirigeants de la France (481-2026) - Statistiques

Statistiques générales
  • Ce quiz a été pris 27 fois
    26 depuis la dernière actualisation
  • Le résultat moyen est 44 sur 101
Statistiques - réponses
Régime/Dynastie Dirigeants Début Fin % Correct
Cinquième République Charles de Gaulle 1958 1969
88%
François Hollande 2012 2017
88%
Georges Pompidou 1969 1974
88%
Jacques Chirac 1995 2007
88%
Louis XIII 1610 1643
88%
Louis XIV 1643 1715
88%
Louis XV 1715 1774
88%
Louis XVI 1774 1792
88%
Nicolas Sarkozy 2007 2012
88%
Valery Giscard d'Estaing 1974 1981
88%
Emmanuel Macron 2017 En cours
82%
François Mitterrand 1981 1995
82%
Bourbon Henri IV 1589 1610
82%
Premier Empire Napoléon Ier 1804 1814
82%
Premier Empire Napoléon Ier 1815 1815
76%
Second Empire Napoléon III 1852 1870
76%
Charlemagne 768 814
71%
Charles X 1824 1830
71%
Mérovingiens Clovis Ier 481 511
71%
Orléans-Angoulême François Ier 1515 1547
71%
Henri III 1574 1589
71%
Restauration Louis XVIII 1815 1824
71%
Troisième République Adolphe Thiers 1871 1873
65%
Henri II 1547 1559
65%
Deuxième République Louis-Napoléon Bonaparte 1848 1852
65%
Monarchie de Juillet Louis Philippe Ier 1830 1848
65%
Restauration Louis XVIII 1814 1815
65%
Carolingiens Pépin le Bref 751 768
65%
Etat Français (Régime de Vichy) Philippe Pétain 1940 1944
65%
René Coty 1954 1958
65%
Patrice de Mac Mahon 1873 1879
59%
Félix Faure 1895 1899
53%
François II 1559 1560
53%
Louis IX 1226 1270
53%
Valois-Orléans Louis XII 1498 1515
53%
Quatrième République Vincent Auriol 1947 1954
53%
Charles IV le Bel 1322 1328
47%
Charles IX 1560 1574
47%
Capétiens Hugues Capet 987 996
47%
Jean Ier le Posthume 1316 1316
47%
Louis VIII le Lion 1223 1226
47%
Louis VII le Jeune 1137 1180
47%
Louis VI le Gros 1108 1137
47%
Louis X 1314 1316
47%
Louis XI 1461 1483
47%
Sadi Carnot 1887 1894
47%
Charles II le Chauve 843 877
41%
Charles VI 1380 1422
41%
Charles VII 1422 1461
41%
Charles VIII 1483 1498
41%
Charles V le Sage 1364 1380
41%
Gaston Doumergue 1924 1931
41%
Jean II le Bon 1350 1364
41%
Jules Grevy 1879 1887
41%
Paul Doumer 1931 1932
41%
Albert Lebrun 1932 1940
35%
Clotaire Ier 511 561
35%
Dagobert Ier 629 639
35%
Louis III 879 882
35%
Louis le Pieux 814 840
35%
Paul Deschanel 1920 1920
35%
Raymond Poincaré 1913 1920
35%
Alexandre Millerand 1920 1924
29%
Armand Fallières 1906 1913
29%
Chilpéric Ier 561 584
29%
Clotaire II 584 629
29%
Clovis II 639 657
29%
Emile Loubet 1899 1906
29%
Philippe IV le Bel 1285 1314
29%
Jean Casimir Perier 1894 1895
29%
Louis II le Bègue 877 879
29%
Napoléon Bonaparte 1799 1804
29%
Philippe II Auguste 1180 1223
29%
Valois Philippe VI de Valois 1328 1350
29%
Philippe V le Long 1316 1322
29%
Charles III le Gros 884 887
24%
Charles III le Simple 893 922
24%
Louis IV d'Outremer 936 954
24%
Louis V le Fainéant 986 987
24%
Philippe Ier 1060 1108
24%
Philippe III le Hardi 1270 1285
24%
Childéric III 743 751
18%
Première République Convention 1792 1793
18%
Henri Ier 1031 1060
18%
Raoul 923 936
18%
Robert Ier 922 923
18%
Robert II le Pieux 996 1031
18%
Childebert III l'Adopté 657 662
12%
Childebert IV 695 711
12%
Directoire 1795 1799
12%
Thierry IV 721 737
12%
Carloman II 879 884
6%
Childéric II 662 675
6%
Chilpéric II 715 721
6%
Clovis IV 691 695
6%
Convention 1794 1795
6%
Dagobert III 711 715
6%
Eudes 888 898
6%
Lothaire 954 986
6%
Thierry III 675 691
6%
Comité de salut public 1793 1794
0%
Aucun quiz correspondant
Distribution des résultats
% des personnes avec chaque résultat
Percentile par nombre de réponses
Votre historique - résultats
Vous n’avez pas pris ce quiz depuis la dernière actualisation